| 000 | 01096cab a22002055a 4500 | ||
|---|---|---|---|
| 001 | L152210 | ||
| 008 | 110210e20110204xxk 000 0 eng d | ||
| 035 | _a(Sirsi) u152210 | ||
| 041 | 0 | _aeng | |
| 110 | 2 |
_aProperty Week _91549 |
|
| 245 | 0 | 0 | _aYields still frozen despite trust in prime retail |
| 260 | _c2011 | ||
| 490 | 0 |
_aProperty Week _v77(5) 4 February 2011, 36(1) |
|
| 520 | _aCushman & Wakefield's latest UK commercial property investment market update shows prime yields largely unchanged in January 2011 ending the month at 5.7%, 23 basis points lower than in January 2010. Prime shops' yields in the best centres dropped to 4.75%, their lowest level since January 2008. The continuing rise in bond yields has narrowed the spread between property and bond yields to 199 basis points. Table gives current prime yields for the main commercial property sectors. | ||
| 590 | _aKA | ||
| 651 | 4 |
_aUnited Kingdom _y |
|
| 690 | _aPROPERTY-COMMERCIAL PROPERTY-COMMERCIAL PROPERTY MARKET | ||
| 690 | _aPROPERTY-COMMERCIAL PROPERTY-COMMERCIAL PROPERTY FINANCE AND INVESTMENT | ||
| 942 | _n0 | ||
| 999 |
_c82915 _d82915 |
||